000 00494nam a22001817a 4500
003 LK-CoDNM
005 20250205144316.0
008 250131b |||||||| |||| 00| 0 eng d
040 _aLK-CoDNM
_dLK-CoDNM
_eLK-CoDNM
041 _aeng
080 _a103
100 _aHarrrison,LW.
245 _aThe Diagnosos and treatment of venereal diseases in general practice
260 _alondon
_boxford university press
_c1931
300 _a567p. : ill ; 24 cm
650 _ascience
942 _cBK
999 _c237820
_d237820